Entry Personal Name
Number of records used in: 2
001 - CONTROL NUMBER
003 - CONTROL NUMBER IDENTIFIER
005 - DATE AND TIME OF LATEST TRANSACTION
- control field:
20221101095611.0
008 - FIXED-LENGTH DATA ELEMENTS
- fixed length control field:
830316n| azannaabn |a aaa
010 ## - LIBRARY OF CONGRESS CONTROL NUMBER
- LC control number:
n 82162166
- Canceled/invalid LC control number:
n 86823498
016 ## - NATIONAL BIBLIOGRAPHIC AGENCY CONTROL NUMBER
- Record control number:
1011G1984E
035 ## - SYSTEM CONTROL NUMBER
- System control number:
(OCoLC)oca00858080
040 ## - CATALOGING SOURCE
- Original cataloging agency:
DLC
- Language of cataloging:
eng
- Description conventions:
rda
- Transcribing agency:
DLC
- Modifying agency:
UkCU
- Modifying agency:
DLC
- Modifying agency:
CaOONL
042 ## - AUTHENTICATION CODE
046 ## - SPECIAL CODED DATES
- Birth date:
1951
- Source of date scheme:
edtf
100 1# - HEADING--PERSONAL NAME
- Personal name:
Belch, George E.
- Fuller form of name:
(George Edward),
- Dates associated with a name:
1951-
370 ## - ASSOCIATED PLACE
- Associated country:
United States
- Source of term:
naf
377 ## - ASSOCIATED LANGUAGE
378 ## - FULLER FORM OF PERSONAL NAME
- Fuller form of personal name:
George Edward
400 1# - SEE FROM TRACING--PERSONAL NAME
- Personal name:
Belch, George,
- Dates associated with a name:
1951-
400 1# - SEE FROM TRACING--PERSONAL NAME
- Personal name:
Belch, George Edward,
- Dates associated with a name:
1951-
670 ## - SOURCE DATA FOUND
- Source citation:
His Tempered by crises, 1971.
670 ## - SOURCE DATA FOUND
- Source citation:
His A multiple exposure study of the effects of comparative and noncomparative television commercials on cognitive response, recall, and message acceptance, c1982:
- Information found:
t.p. (George E. Belch, San Diego State Univ.)
670 ## - SOURCE DATA FOUND
- Source citation:
E-mail from author, July 11, 2007
- Information found:
(middle name is Edward; publisher recorded Eugene by mistake many years ago)
670 ## - SOURCE DATA FOUND
- Source citation:
nuc86-39073: His An investigation of the effects of ... 1980
- Information found:
(hdg. on CLU rept.: Belch, George Edward; usage: George Edward Belch)
670 ## - SOURCE DATA FOUND
- Source citation:
U.S. copyright file, July 18, 2007
- Information found:
(Belch, George Edward, 1951- )
670 ## - SOURCE DATA FOUND
- Source citation:
Digital dissertations, July 18, 2007
- Information found:
(Belch, George Edward, Ph. D., University of California, Los Angeles, 1980--An investigation of the effects of advertising message structure and repetition upon cognitive processes mediating message acceptance)
670 ## - SOURCE DATA FOUND
- Source citation:
LAC internal file, September 12, 2019
- Information found:
(access point: Belch, George E. (George Edward), 1951-; American)
670 ## - SOURCE DATA FOUND
- Source citation:
OCLC, viewed September 12, 2019
- Information found:
(predominant usage: George E. Belch; other usage: George Edward Belch; George Belch)